000 01210nam a22002537a 4500
005 20240530110619.0
008 161205s2012 ua ah f 000 0 ara d
017 _a2012/8091
_bمصر . دار الكتب المصرية
020 _a9789771808978
040 _aEG-CaGPL
082 0 4 _221
_a962.2
_bق/خ م
100 0 _aخالد سيد مرزوق
245 1 0 _aوثائق بني سويف في العصر العثماني :
_bقراءة في سجل من محكمة الباب العالي 5 جمادي الاخر1048هـ -2 ذو الحجة 1501هـ/14 اكتوبر 1638م - 4 مارس 1642 م /
_cخالد سيد مرزوق
260 _aالقاهرة :
_bدار الكتب والوثائق القومية ،
_c2012.
300 _a615 ص. :
_bجداول ، صور ؛
_c24 سم.
490 0 _aدراسات وثائقية ؛
_v5
650 0 7 _2qrmak
_aالوثائق
650 0 7 _2qrmak
_aالامبراطورية العثمانية
651 0 7 _2qrmak
_aمصر
_xتاريخ
_yالعصر العثماني(1517-1914)
651 0 7 _2qrmak
_aبني سويف
651 0 7 _2qrmak
_aبني سويف
_xتاريخ
942 _2ddc
_cBK
999 _c63013
_d63013